000 00321nam a2200109Ia 4500
008 230907s9999||||xx |||||||||||||| ||und||
082 _a313.0994,ALE
100 _aAlexander, Robyn
_9115287
245 0 _aUnderstanding australian industrial relations
260 _aCengage learning Australia
_bAustraiia
_c2008
942 _cBK
999 _c598013
_d598013